00710nam a22002177a 450000500170000001000130001702000230003003500130005303700160006604000120008208200130009424500680010724600490017526000410022427000450026530000320031050000420034265000550038465000270043970000260046620170124110249.0 aB-110033 c175.00a8179920747 aB-110033 bCen Lib/Ret aDPLbEN a280bTHR a366 readings from Christianity /cedited by Robert Van de Weyer aThree sixty six readings from Christianity / aMumbaibJaico Publishing Housec2003 a121 Mahatama Gandhi RoadbMumbaie400001 aix,374p. :c19cm(pbk)bill. aIncludes bibliographical references  aChristianity -- Prayers and devotions -- English.  aDevotional literature. aWeyer, Robert Van de